| 000 | 00603nam a2200193 i 4500 | ||
|---|---|---|---|
| 001 | 101509 | ||
| 003 | ES-MaACL | ||
| 005 | 20230906182925.0 | ||
| 007 | t| | ||
| 008 | 051019s1909 fr ||||1| fre d | ||
| 245 | 0 | 0 |
_aMécanothérapie, hydrothérapie / _cpar Fraikin, Grenier de Cardenal, Constensoux... |
| 260 |
_aParis : _bJ. B. Baillière, _c1909. |
||
| 300 |
_aXII, 404 p. : _bil. ; _c20 cm. |
||
| 490 | 1 | _aBibliothèque de thérapeutique | |
| 700 | 1 |
_aFraikin _c, Dr. _952098 |
|
| 830 | 0 |
_aBibliothèque de thérapeutique _9181857 |
|
| 852 |
_aES-MaACL _jB-11912 |
||
| 999 |
_c101509 _d101509 |
||